Identifikácia stupňa samostatnosti práce študentov na technickej univerzite : Záverečná práca

Gespeichert in:
Bibliographische Detailangaben
1. Verfasser: Pittner, Rudolf (Verfasst von)
Format: Manuskript Buch
Sprache:Slowakisch
Veröffentlicht: Trnava : STU v Bratislave MtF KIPP, 2004
Schlagworte:
Tags: Tag hinzufügen
Keine Tags, Fügen Sie das erste Tag hinzu!

MARC

LEADER 00000ntm a22000003a 4500
001 stu114132
005 20160719155355.0
008 060310s2004----xo------------------slo-d
040 |a STU  |b slo 
041 0 |a slo 
044 |a xo 
100 1 |a Pittner, Rudolf  |4 aut 
245 1 |a Identifikácia stupňa samostatnosti práce študentov na technickej univerzite :  |b Záverečná práca 
260 |a Trnava :  |b STU v Bratislave MtF KIPP,  |c 2004 
300 |a 42 s 
650 7 |a inžinierska pedagogika  |2 stusub 
650 7 |a samostatná práca  |2 stusub 
650 7 |a samostatnosť študentov  |2 stusub 
700 1 |a Mišútová, Mária,  |d 1962-  |4 csl  |u M6000  |U MTF Materiálovotechnologická fakulta  |T MTF Ústav aplikovanej informatiky, automatizácie a matematiky  |X 266  |U M6000  |Y 86  |7 A000000266 
996 |b 284M072433  |c M*ZP-278  |l MMSKP  |s P  |a 0  |w stu114132_0001